01374na a2200289 450000100060000000300080000600500170001400800410003103500100007204000250008208200260010709000250013310000240015824502630018224601650044524600580061026000660066830000330073450400290076760000400079665000360083665000490087265100300092194200130095195201070096499900130107114816MIRAKIL20181213154752.0160901b tu 000 0  a14816 aMilasbturcTR-AnCHP aATA 940.54bS65i 2012 aATA 940.54 S65i 2012 aSommerville, Donald aII. Dünya Savaşıb500'ü aşkın fotoğraf, harita ve savaş planıbtarihin en korkunç savaşlarından birinin, belirleyici çarpışmaların ve önemli antlaşmaların analiziyle birlikte çarpıcı ve detaylı anlatımcDonald Sommerville atarihin en korkunç savaşlarından birinin, belirleyici çarpışmaların ve önemli antlaşmaların analiziyle birlikte çarpıcı ve detaylı anlatım a500'ü aşkın fotoğraf, harita ve savaş planı a[y. y.]bTürkiye iş bankası kültür yayınlarıc2012 a256 s.bfotg. ; hrt.c29 sm. aKaynakça ve dizin var. aAtatürk, Mustafa Kemald1881-1938 aAskeri tarihxResimli yapıtlar aII. Dünya Savaşı (1939-1945)y1939-1945 aAvrupaxResimli yapıtlar 2dcccBKS a0001b0001d2016-09-01e2l0oATA 940.54 S65i 2012p002696r2016-09-01 00:00:00v0.00w2016-09-01yBKS c511d511